000 00493cam a22002051 4500
001 sa 66004722
003 DLC
005 20260227112244.0
008 881028s1965 xx 000 0 benr
010 _asa 66004722
035 _a(OCoLC)23556501
040 _aDLC
_cMiU
_dDLC
042 _apremarc
050 0 0 _aPK1718.M253
_bB5
100 1 _aMānnā, Guṇamaẏa,
_d1925-
245 1 0 _aBiddha bihaṅga.
260 _a[n.p.
_c1965?]
300 _a556 p.
_c22 cm.
500 _aRomanized.
999 _c69545
_d69545